Let it begin here! : (Record no. 3020)

MARC details
000 -LEADER
fixed length control field 01195cam a2200289 a 4500
005 - DATE AND TIME OF LATEST TRANSACTION
control field 20250611102221.0
020 ## - INTERNATIONAL STANDARD BOOK NUMBER
International Standard Book Number 9780439839679
040 ## - CATALOGING SOURCE
Original cataloging agency DLC
Transcribing agency DLC
Modifying agency DLC
Language of cataloging eng
050 00 - LIBRARY OF CONGRESS CALL NUMBER
Classification number E241.L6
082 00 - DEWEY DECIMAL CLASSIFICATION NUMBER
Classification number 973.3
100 1# - MAIN ENTRY--PERSONAL NAME
Personal name Fradin, Dennis Brindell
245 10 - TITLE STATEMENT
Title Let it begin here! :
Remainder of title Lexington & Concord : first battles of the American Revolution /
Statement of responsibility, etc. Dennis Brindell Fradin ; illustrations by Larry Day.
250 ## - EDITION STATEMENT
Edition statement First Scholastic printing, January 2006
260 ## - PUBLICATION, DISTRIBUTION, ETC.
Place of publication, distribution, etc. New York :
Name of publisher, distributor, etc. Scholastic,
Date of publication, distribution, etc. 2005
300 ## - PHYSICAL DESCRIPTION
Extent 26 unnumbered pages :
Other physical details color illustrations, maps ;
Dimensions 29 cm.
500 ## - GENERAL NOTE
General note Map on lining papers.
505 ## - FORMATTED CONTENTS NOTE
Formatted contents note Z <br/>
520 ## - SUMMARY, ETC.
Summary, etc. Describes the events that led up to the historic battles that began the American Revolution and discusses the consequences for the leaders and soldiers who fought in them.
521 ## - TARGET AUDIENCE NOTE
Target audience note 910 <br/>
Source Lexile <br/>
521 ## - TARGET AUDIENCE NOTE
Target audience note Z <br/>
Source Raz-Plus <br/>
650 #0 - SUBJECT ADDED ENTRY--TOPICAL TERM
Topical term or geographic name entry element Lexington, Battle of, Lexington, Mass., 1775
Form subdivision Juvenile literature.
650 #0 - SUBJECT ADDED ENTRY--TOPICAL TERM
Topical term or geographic name entry element Concord, Battle of, Concord, Mass., 1775
Form subdivision Juvenile literature.
700 1# - ADDED ENTRY--PERSONAL NAME
Personal name Day, Larry
Dates associated with a name 1956-
Relator term illustrator
906 ## - LOCAL DATA ELEMENT F, LDF (RLIN)
a 7
b cbc
c orignew
d 1
e ocip
f 20
g y-gencatlg
942 ## - ADDED ENTRY ELEMENTS (KOHA)
Source of classification or shelving scheme Dewey Decimal Classification
Koha item type Books
Suppress in OPAC No
999 ## -
-- 3020
-- 3020
Holdings
Withdrawn status Lost status Source of classification or shelving scheme Damaged status Not for loan Collection Home library Current library Shelving location Date acquired Total Checkouts Full call number Barcode Date last seen Copy number Price effective from Koha item type
    Dewey Decimal Classification     Non-Fiction Footprints International School Library Network Toul Tom Poung Campus Footprints International School Library Network Toul Tom Poung Campus TTP Secondary Non-Fiction Bookshelves 01/30/2024   FRA 973.3 E241.L6 2024-0066 01/30/2024 1 01/30/2024 Books
    Dewey Decimal Classification     Non-Fiction Footprints International School Library Network Toul Tom Poung Campus Footprints International School Library Network Toul Tom Poung Campus TTP Secondary Non-Fiction Bookshelves 06/11/2025   FRA 973.3 E241.L6 FISSE02183 06/11/2025 2 06/11/2025 Books